Europa - Test - Statystyki

Ogólne statystyki
  • Ten quiz został rozwiązany 2 295 razy
  • Średni wynik to 13 z 15
Statystyki odpowiedzi
Hint Odpowiedź % Poprawnych
jak się nazywa państwo które ma stolicę Madryt Hiszpania
94%
(tak czy nie) czy Niemcy są większe od Wielkiej Brytanii Tak
94%
waluta niemiec Euro
93%
kiedy zakończyła się II wojna światowa 1945
92%
stolica Francji Paryż
92%
jak się nazywa państwo które leży koło szwajcarii i austrii Liechtenstein
89%
stolica Rosji Moskwa
89%
kiedy rozpoczęła się I wojna światowa 1914
88%
waluta ma Polski Złoty
88%
kto rozpoczął II wojnę światową Niemcy
84%
ajbardziej zaludnione miasto na północy Polski Gdańsk
82%
Największe państwo w europie Rosja
81%
Najbardziej zaludnione miasto w Polsce Warszawa
79%
najbardziej zaludnione miasto na południu Polski Kraków
77%
najmniejsze państwo w europie Watykan
76%
Nie znaleziono quizów pasujących do podanych kryteriów
Rozkład punktacji
Procent ludzi z każdym wynikiem
Percentyl według liczby udzielonych odpowiedzi
Twoja historia wyników
Nie rozwiązałeś tego quizu